00977cam a22002651 450000100060000000300080000600500170001400800390003103500190007003500200008904000240010904100080013306000220014108200210016310000280018424501100021226000470032230000350036949000370040450000690044170000360051094200120054699900170055895201360057528772BD-RjUL20211209051327.0140331s1967 xx a c 000 0 eng a(BD-RjUL)28854 a(OCoLC)14500079 aDLCcDNLMdDLCbeng aeng0 aW 26bD889ma 1967 a610.78bMED 19671 aDummer, G. W. A.94249710aMedical electronic laboratory equipment, 1967-68 /bEdited by G. W. A. Dummer and J. Mackenzie Robertson. aOxford, New York :bPergamon Press,cc1967 axiv, 1305 p. :bill. ;c34 CM.0 aPergamon electronics data series aComplements the author's Medical electronics equipment, 1966-67.1 aRobertson, J. Mackenzie.970264 2ddccBK c28772d28772 00102ddc40728NFICaRUCLbRUCLcReadingd1977-05-21eHefferg25.00l0o610.78 MED 1967r2014-03-31 00:00:00tC-1w2014-03-31yBK